000 00917nas a2200265 i 4500
001 1526
003 ES-MaACL
005 20250217134236.0
007 t|
008 950801d18901891sp w| | 1 ||pa d
022 _a9958-350X
080 _a5/6
245 0 3 _aLa Naturaleza /
_cdir. Ricardo Becerro de Bengoa.
260 _aMadrid :
_bFuentes y Capdeville,
_c1890-1891 (
_fM. Minuesa de los Ríos)
300 _a2 v. :
_bgrab. ;
_c30 cm.
310 _aSemanal
362 0 _aAño I, t. I (ene. 1890)-año II (jul. 1891)
500 _aFundida con : La gaceta industrial y Ciencia eléctrica, para formar, Naturaleza, ciencia e industria. 1891.
650 1 4 _aIndustrias y profesiones varias
_913745
700 1 _aBecerro de Bengoa, Ricardo,
_d1845-1902
_926893
785 0 7 _aNaturaleza, ciencia e industria
_cJul. 1891
852 _aES-MaACL
_jHem-644
866 0 _o1890-91
999 _c1526
_d1526